Computer-based train operation and information system on Northern Railway with speical reference to Delhi metropolitan area (Record no. 479691)

000 -LEADER
fixed length control field 00479cam a22001337a 4500
008 - FIXED-LENGTH DATA ELEMENTS--GENERAL INFORMATION
fixed length control field 180718b1994 xxu||||| |||| 00| 0 eng d
082 ## - DEWEY DECIMAL CLASSIFICATION NUMBER
Classification number APPPA 1993-94 RAJ
100 ## - MAIN ENTRY--PERSONAL NAME
Personal name Raj Kumar
245 ## - TITLE STATEMENT
Title Computer-based train operation and information system on Northern Railway with speical reference to Delhi metropolitan area
Statement of responsibility, etc. by Raj Kumar
260 ## - PUBLICATION, DISTRIBUTION, ETC.
Place of publication, distribution, etc. New Delhi
Name of publisher, distributor, etc. Indian Institute of Public Administration
Date of publication, distribution, etc. 1994
300 ## - PHYSICAL DESCRIPTION
Extent 116p.
650 ## - SUBJECT ADDED ENTRY--TOPICAL TERM
Topical term or geographic name entry element APPPA
650 ## - SUBJECT ADDED ENTRY--TOPICAL TERM
Topical term or geographic name entry element Computers - Railways
Holdings
Withdrawn status Lost status Damaged status Not for loan Permanent Location Current Location Date acquired Full call number Barcode Date last seen Price effective from Koha item type
        Indian Institute of Public Administration Indian Institute of Public Administration 2018-08-04 APPPA 1993-94 RAJ GR12957 2018-08-04 2018-08-04 GR

Powered by Koha